| 000 | 00821nam a2200205 4500 | ||
|---|---|---|---|
| 003 | SEM | ||
| 005 | 20250603164239.0 | ||
| 008 | 250603s1969 ai ||||gr||||||01|||rus|d | ||
| 040 |
_aSEM _cSEM |
||
| 041 | _arus | ||
| 080 | _a347.6(094.4)/K-58 | ||
| 245 |
_aКодекс о браке и семье армянской советской социалистической республики / _cОтв. ред.: В. Г. Данилов ; К. И. Иоаннесян |
||
| 260 |
_aЕреван : _b«Айастан», _c1969. |
||
| 300 |
_a123 с. ; _c17 см |
||
| 650 |
_aСемейное право _xкодексы законов |
||
| 653 | _aՍԷՄ | ||
| 700 |
_aДанилов, В. Г. _eотв. ред. _4resp. for edit. |
||
| 700 |
_aИоаннесян, К. И _eотв. ред. _4resp. for edit. |
||
| 942 |
_2udc _cBK |
||
| 999 |
_c76570 _d76570 |
||